00385nam a2200157Ia 4500001000500000005001700005008004100022040001300063082001600076100002000092245004500112260004200157300001100199546000700210650001000217785220170116100453.0140321s9999 xx 000 0 und d cPK-LaUMT a 297bASA-I aAsad, Muhammad  aIslam at the crossroads /cMuhammad Asad c1991aLahore :bIslamic Book Service, a119 p. aEN aIslam